ბათუმის შოთა რუსთაველის სახელმწიფო უნივერსიტეტის ბიბლიოთეკა

ფტორის როლი ძვლოვანი ქსოვილის ფიზიოლოგიასა და პათოლოგიაში / (ბიბ.ჩანაწერი № 62623)

000 -ლიდერი
ფიქსირებული სიგრძის საკონტროლო ველი 01099nam a22002297a 4500
003 - საკონტროლო ნომრის იდენტიფიკატორი
საკონტროლო ველი Ge_BSU
005 - ბოლო ოპერაციის თარიღი და დრო
საკონტროლო ველი 20241219163241.0
008 - ფიქსირებული სიგრძის მონაცემთა ელემენტები - ზოგადი ინფორმაცია
ფიქსირებული სიგრძის საკონტროლო ველი 241219s1977 ge ||||| |||| 00| 0 geo d
041 ## - ენის კოდი
Language code of text/sound track or separate title geo
080 ## - უნივერსალური ათობითი კლასიფიკაციის ინდექსი
Universal Decimal Classification number 611.018.4 : 616-018 : 546.16 ნ-48
100 ## - მთავარი ჩანაწერი - პიროვნების სახელი
Personal name ნემსაძე, ო.
9 (RLIN) 24013
245 ## - ცნობა სათაურის შესახებ
Title ფტორის როლი ძვლოვანი ქსოვილის ფიზიოლოგიასა და პათოლოგიაში /
Statement of responsibility, etc ო. ნემსაძე; რედ. ნ. დოლიძე.
264 ## - წარმოების, გამოცემის, დისტრიბუციის და სხვა ცნობები
გამოცემის, წარმოების, დისტრიბუციის... ადგილი თბ. :
გამოცემის, წარმოების, დისტრიბუციის... სახელწოდება საბჭ. საქართველო,
გამოცემის, წარმოების, დისტრიბუციის... თარიღი 1977.
300 ## - ფიზიკური აღწერა
Extent 175 გვ. :
Other physical details 10 ფ. ილ. ;
Dimensions 20 სმ.
501 ## - შენიშვნა თანმხლებ მასალაზე
With note ლიტ. სია: 168-173.
520 ## - SUMMARY, ETC.
Summary, etc რეზ. რუს. ენ.
653 ## - INDEX TERM--UNCONTROLLED
Uncontrolled term ძვლოვანი ქსოვილის ფიზიოლოგია
653 ## - INDEX TERM--UNCONTROLLED
Uncontrolled term ძვლოვანი ქსოვილის პათოლოგია
653 ## - INDEX TERM--UNCONTROLLED
Uncontrolled term ფტორი
700 ## - ADDED ENTRY--PERSONAL NAME
Personal name დოლიძე, ნ.
Relator term რედაქტორი
9 (RLIN) 24014
942 ## - ADDED ENTRY ELEMENTS (KOHA)
Source of classification or shelving scheme
Koha item type წიგნი
ეგზემპლარები
ჩამოწერის სტატუსი დაკარგული ეგზემპლარის სტატუსი კლასიფიკაციის წყარო ან თაროზე გაწყობის სქემა დაზიანების სტატუსი არ გაიცემა მუდმივი მდებარეობა (დაცვის ადგილი) ამჟამინდელი ადგილსამყოფელი თაროზე განთავსების ადგილი შეძენის თარიღი ღირებულება, შესყიდვის ნორმალური ფასი სრული შენახვის შიფრი შტრიხკოდი ბოლო ოპერაციის თარიღი ეგზემპლარის მიმდევრობითი ნომერი (კეტერი?) ფასის ძალაში შესვლის თარიღი ეგზემპლარის სახეობა საჯარო შენიშვნა
          ბათუმის შოთა რუსთაველის სახელმწიფო უნივერსიტეტის მთავარი ბიბლიოთეკა ბათუმის შოთა რუსთაველის სახელმწიფო უნივერსიტეტის მთავარი ბიბლიოთეკა წიგნსაცავი 2024-12-19 2.80 611.018.4 : 616-018 : 546.16 ნ-48 70069 2024-12-19 70069 2024-12-19 წიგნი 2 ლ. 80 თ.
          ბათუმის შოთა რუსთაველის სახელმწიფო უნივერსიტეტის მთავარი ბიბლიოთეკა ბათუმის შოთა რუსთაველის სახელმწიფო უნივერსიტეტის მთავარი ბიბლიოთეკა წიგნსაცავი 2024-12-19 2.80 611.018.4 : 616-018 : 546.16 ნ-48 70068 2024-12-19 70068 2024-12-19 წიგნი 2 ლ. 80 თ.